Statistiques concernant Culture Générale - Série 1936

Cliquez ici pour prendre le quiz!

Statistiques générales

  • Ce quiz a été pris 56 fois
  • Le résultat moyen est 3 sur 10

Statistiques - réponses

QuestionRéponse% Correct
Qui était surnommé "le père de la psychanalyse" ,Sigmund Freud
98%
Dans le langage populaire, quel mot de 3 lettres désigne un proxénète ?mac
83%
Quel animal est le "ceteau" ? voir photopoisson
65%
Qui était Paul Sérusier (1864-1927) ?peintre
35%
Aux XVII e et XVIII e siècles, qu'appelait-on "passacaille" ?danse
10%
Quel ancien appareil de levage porte le nom d'un animal domestique ?chèvre
6%
Dans le domaine de la marine et de la pêche, qu'appelle-t-on "ralingue" ?cordage
6%
Comment appelle-t-on l'île grecque du golfe Saronique, au sud-ouest d'Athènes ?Egine
4%
Comment appelait-on les fantassins légers des armées romaines antiques ?vélites
2%
Comment appelle-t-on le moût extrait de la canne à sucre ?vesou
2%

Distribution des résultats

Percentile par nombre de réponses

% des personnes avec chaque résultat

Votre développement - résultats

Vous n’avez pas pris ce quiz